[Event "11th LCC FIDE Open 2019"]
[Site "London"]
[Date "2019.12.02"]
[Round "5.49"]
[White "Zymberi, Astrit"]
[Black "Varsha, Ramesh"]
[Result "1/2-1/2"]
[WhiteElo "2148"]
[BlackElo "1669"]
[Annotator "ChessBase"]
[PlyCount "48"]
[EventDate "2019.11.29"]
[EventType "swiss"]
[EventCountry "ENG"]
[SourceTitle "playchess.com"]
[Source "ChessBase"]
[SourceQuality "1"]
[TimeControl "40/5400+30:1800+30"]

1. d4 {[%emt 0:00:36]} Nf6 {[%emt 0:00:00]} 2. c4 {[%emt 0:00:05]} e6 {[%emt 0:00:00]} 3. Nc3 {[%emt 0:00:04]} Bb4 {[%emt 0:00:00]} 4. e3 {[%emt 0:00:04]} b6 {[%emt 0:00:00]} 5. Nge2 {[%emt 0:00:04]} Bb7 {[%emt 0:00:08]} 6. a3 {[%emt 0:00:05]} Be7 {[%emt 0:00:07]} 7. d5 {[%emt 0:00:05]} O-O {[%emt 0:00:08]} 8. g3 {[%emt 0:05:43]} b5 {[%emt 0:00:19]} 9. Bg2 {[%emt 0:21:13]} bxc4 {[%emt 0:01:08]} 10. e4 {[%emt 0:02:47]} Na6 {[%emt 0:01:51]} 11. O-O {[%emt 0:02:52]} Nc5 {[%emt 0:00:55]} 12. e5 {[%emt 0:07:04]} Nxd5 {[%emt 0:01:01]} 13. Nxd5 {[%emt 0:00:05]} Bxd5 {[%emt 0:00:14]} 14. Bxd5 {[%emt 0:00:07]} exd5 {[%emt 0:00:09]} 15. Qxd5 {[%emt 0:00:16]} Nd3 {[%emt 0:03:22]} 16. f4 {[%emt 0:02:29]} Qb8 {[%emt 0:02:40]} 17. Be3 {[%emt 0:15:08]} Qxb2 {[%emt 0:04:54]} 18. Nd4 {[%emt 0:00:54]} Qc3 {[%emt 0:06:27]} 19. Nf5 {[%emt 0:02:08]} Bxa3 {[%emt 0:02:17]} 20. Bd4 {[%emt 0:09:41]} Qb3 {[%emt 0:01:38]} 21. Rab1 {[%emt 0:14:13]} Qa4 {[%emt 0:03:28]} 22. Ra1 {[%emt 0:03:18]} Qb3 {[%emt 0:02:00]} 23. Rab1 {[%emt 0:00:08]} Qa4 {[%emt 0:00:58]} 24. Ra1 {[%emt 0:00:03]} Qb3 {[%emt 0:06:03]} 1/2-1/2

[Event "11th LCC FIDE Open 2019"]
[Site "London"]
[Date "2019.12.02"]
[Round "5.50"]
[White "Jukes, Sam"]
[Black "Brozel, Sacha"]
[Result "0-1"]
[WhiteElo "1899"]
[BlackElo "2188"]
[Annotator "RC"]
[PlyCount "80"]
[EventDate "2019.11.29"]
[EventType "swiss"]
[EventCountry "ENG"]
[SourceTitle "playchess.com"]
[Source "ChessBase"]
[SourceQuality "1"]
[TimeControl "40/5400+30:1800+30"]

1. d4 {[%emt 0:00:00]} Nf6 {[%emt 0:00:01]} 2. c4 {[%emt 0:00:00]} e6 {[%emt 0:00:07]} 3. Nf3 {[%emt 0:00:00]} Bb4+ {[%emt 0:00:58]} 4. Bd2 {[%emt 0:00:09]} c5 {[%emt 0:00:35]} 5. Bxb4 {[%emt 0:01:55]} cxb4 {[%emt 0:00:07]} 6. e3 {[%emt 0:03:16]} O-O {[%emt 0:00:35]} 7. Bd3 {[%emt 0:00:45]} d6 {[%emt 0:01:10]} 8. O-O {[%emt 0:01:22]} Qe7 {[%emt 0:06:55]} 9. Nbd2 {[%emt 0:08:07]} e5 {[%emt 0:17:43]} 10. Qb1 {[%emt 0:09:48]} Re8 {[%emt 0:13:17]} 11. c5 {[%emt 0:10:43]} dxc5 {[%emt 0:05:33]} 12. dxe5 {[%emt 0:01:55]} Ng4 {[%emt 0:04:30]} 13. Nc4 {[%emt 0:15:26]} Nc6 {[%emt 0:10:24]} 14. Bxh7+ {[%emt 0:07:31]} Kf8 {[%emt 0:04:30]} 15. Be4 {[%emt 0:15:58]} Ncxe5 {[%emt 0:03:51]} 16. Ncxe5 {[%emt 0:00:35]} Nxe5 {[%emt 0:00:08]} 17. Qc2 {[%emt 0:03:57]} Rb8 {[%emt 0:04:44]} 18. Rac1 {[%emt 0:01:34]} b6 {[%emt 0:02:34]} 19. Nxe5 {[%emt 0:00:19]} Qxe5 {[%emt 0:00:07]} 20. Bc6 {[%emt 0:02:11]} Bf5 {[%emt 0:00:37]} 21. Qe2 {[%emt 0:02:35]} Re6 {[%emt 0:01:28]} 22. Bd7 {[%emt 0:00:37]} Re7 {[%emt 0:05:06]} 23. Bxf5 {[%emt 0:00:11]} Qxf5 {[%emt 0:00:06]} 24. Rfd1 {[%emt 0:00:26]} Rd7 {[%emt 0:01:30]} 25. Rxd7 {[%emt 0:00:43]} Qxd7 {[%emt 0:00:05]} 26. Rd1 {[%emt 0:00:27]} Qe6 {[%emt 0:00:04]} 27. Qd3 {[%emt 0:01:08]} Kg8 {[%emt 0:00:44]} 28. b3 {[%emt 0:00:53]} a5 {[%emt 0:02:39]} 29. Kf1 {[%emt 0:01:34]} a4 {[%emt 0:00:27]} 30. Qd6 {[%emt 0:00:42]} Qxd6 {[%emt 0:00:42]} 31. Rxd6 {[%emt 0:00:05]} Kf8 {[%emt 0:03:47]} 32. Ke2 {[%emt 0:00:24]} Ke7 {[%emt 0:00:05]} 33. Rd3 {[%emt 0:00:36]} b5 {[%emt 0:02:43]} 34. Kd2 {[%emt 0:01:50]} c4 {[%emt 0:03:29]} 35. Rd4 {[%emt 0:03:38]} Rc8 {[%emt 0:02:27]} 36. bxc4 {[%emt 0:02:23]} bxc4 {[%emt 0:00:27]} 37. Kc2 {[%emt 0:01:41]} b3+ {[%emt 0:01:17]} 38. Kc3 {[%emt 0:01:34]} Rb8 {[%emt 0:00:22]} 39. axb3 {[%emt 0:01:53]} cxb3 {[%emt 0:00:18]} 40. Kb2 {[%emt 0:00:28]} a3+ {[%emt 0:00:16]} 0-1

[Event "11th LCC FIDE Open 2019"]
[Site "London"]
[Date "2019.12.02"]
[Round "5.51"]
[White "Wilks, Simon"]
[Black "Finn, Peter"]
[Result "1-0"]
[WhiteElo "2071"]
[BlackElo "1895"]
[Annotator "NA"]
[PlyCount "49"]
[EventDate "2019.11.29"]
[EventType "swiss"]
[EventCountry "ENG"]
[SourceTitle "playchess.com"]
[Source "ChessBase"]
[SourceQuality "1"]
[TimeControl "40/5400+30:1800+30"]

1. e4 {[%emt 0:56:46]} c5 {[%emt 0:00:06]} 2. Nf3 {[%emt 0:00:12]} Nc6 {[%emt 0:00:16]} 3. Bb5 {[%emt 0:00:18]} e5 {[%emt 0:00:11]} 4. O-O {[%emt 0:11:52]} Bd6 {[%emt 0:00:08]} 5. Bc4 {[%emt 0:04:11]} Nf6 {[%emt 0:02:17]} 6. Re1 {[%emt 0:00:32]} O-O {[%emt 0:01:53]} 7. d3 {[%emt 0:01:08]} Be7 {[%emt 0:07:53]} 8. c3 {[%emt 0:03:00]} d6 {[%emt 0:01:10]} 9. h3 {[%emt 0:02:46]} Na5 {[%emt 0:18:41]} 10. Bb5 {[%emt 0:02:53]} a6 {[%emt 0:01:09]} 11. Ba4 {[%emt 0:00:05]} b5 {[%emt 0:00:08]} 12. Bc2 {[%emt 0:00:07]} Bb7 {[%emt 0:00:31]} 13. d4 {[%emt 0:01:06]} exd4 {[%emt 0:04:06]} 14. cxd4 {[%emt 0:00:22]} d5 {[%emt 0:00:22]} 15. e5 {[%emt 0:12:35]} Ne4 {[%emt 0:00:45]} 16. Nbd2 {[%emt 0:05:48]} Nxd2 {[%emt 0:10:12]} 17. Qxd2 {[%emt 0:01:20]} c4 {[%emt 0:01:09]} 18. Qf4 {[%emt 0:01:29]} Bc8 {[%emt 0:02:16]} 19. Qg3 {[%emt 0:01:46]} Kh8 {[%emt 0:02:10]} 20. Bf4 {[%emt 0:11:18]} h6 {[%emt 0:16:12]} 21. e6 {[%emt 0:04:45]} Nc6 {[%emt 0:07:29]} 22. exf7 {[%emt 0:03:50]} g5 {[%emt 0:03:37]} 23. Bc7 {[%emt 0:01:30]} Qd7 {[%emt 0:01:46]} 24. Ne5 {[%emt 0:00:32]} Bd6 {[%emt 0:02:14]} 25. Bxd6 {[%emt 0:00:33]} 1-0

[Event "11th LCC FIDE Open 2019"]
[Site "London"]
[Date "2019.12.02"]
[Round "5.53"]
[White "Orgler, Philipp"]
[Black "Lohia, Sohum"]
[Result "1-0"]
[WhiteElo "2047"]
[BlackElo "1889"]
[Annotator "NA"]
[PlyCount "55"]
[EventDate "2019.11.29"]
[EventType "swiss"]
[EventCountry "ENG"]
[SourceTitle "playchess.com"]
[Source "ChessBase"]
[SourceQuality "1"]
[TimeControl "40/5400+30:1800+30"]

1. d4 {[%emt 0:40:02]} d5 {[%emt 0:00:14]} 2. c4 {[%emt 0:01:13]} e6 {[%emt 0:00:47]} 3. Nc3 {[%emt 0:00:43]} Nf6 {[%emt 0:00:10]} 4. cxd5 {[%emt 0:00:51]} exd5 {[%emt 0:00:24]} 5. Bg5 {[%emt 0:00:14]} Nbd7 {[%emt 0:00:27]} 6. e3 {[%emt 0:00:24]} c6 {[%emt 0:00:12]} 7. Bd3 {[%emt 0:00:21]} Be7 {[%emt 0:00:15]} 8. Nf3 {[%emt 0:01:57]} O-O {[%emt 0:00:10]} 9. Qc2 {[%emt 0:02:40]} h6 {[%emt 0:00:38]} 10. Bh4 {[%emt 0:01:13]} Re8 {[%emt 0:02:08]} 11. O-O {[%emt 0:03:14]} Ne4 {[%emt 0:03:09]} 12. Bg3 {[%emt 0:03:01]} Nxg3 {[%emt 0:01:03]} 13. hxg3 {[%emt 0:00:09]} Nf6 {[%emt 0:09:40]} 14. Rab1 {[%emt 0:01:55]} a5 {[%emt 0:05:14]} 15. a3 {[%emt 0:00:15]} Bd6 {[%emt 0:06:28]} 16. Na4 {[%emt 0:03:23]} Ne4 {[%emt 0:02:21]} 17. b4 {[%emt 0:09:52]} Qe7 {[%emt 0:10:11]} 18. Nb6 {[%emt 0:08:32]} Ra7 {[%emt 0:01:03]} 19. b5 {[%emt 0:20:06]} Bxa3 {[%emt 0:07:45]} 20. bxc6 {[%emt 0:03:09]} bxc6 {[%emt 0:00:24]} 21. Ne5 {[%emt 0:01:54]} Bb7 {[%emt 0:11:13]} 22. Bxe4 {[%emt 0:09:03]} dxe4 {[%emt 0:00:10]} 23. Nxc6 {[%emt 0:00:30]} Bxc6 {[%emt 0:05:46]} 24. Qxc6 {[%emt 0:00:05]} Qe6 {[%emt 0:03:41]} 25. Qa4 {[%emt 0:01:41]} Bb4 {[%emt 0:00:55]} 26. Rxb4 {[%emt 0:00:55]} Ra6 {[%emt 0:08:39]} 27. d5 {[%emt 0:03:15]} Qe7 {[%emt 0:07:18]} 28. Rb5 {[%emt 0:01:20]} 1-0

[Event "11th LCC FIDE Open 2019"]
[Site "London"]
[Date "2019.12.02"]
[Round "5.54"]
[White "Orgler, Philipp"]
[Black "Lohia, Sohum"]
[Result "*"]
[WhiteElo "2047"]
[BlackElo "1889"]
[Annotator "NA"]
[PlyCount "34"]
[EventDate "2019.11.29"]
[EventType "swiss"]
[EventCountry "ENG"]
[SourceTitle "playchess.com"]
[Source "ChessBase"]
[SourceQuality "1"]
[TimeControl "40/5400+30:1800+30"]

1. d4 {[%emt 0:40:02]} d5 {[%emt 0:00:14]} 2. c4 {[%emt 0:01:13]} e6 {[%emt 0:00:47]} 3. Nc3 {[%emt 0:00:43]} Nf6 {[%emt 0:00:10]} 4. cxd5 {[%emt 0:00:51]} exd5 {[%emt 0:00:24]} 5. Bg5 {[%emt 0:00:14]} Nbd7 {[%emt 0:00:27]} 6. e3 {[%emt 0:00:24]} c6 {[%emt 0:00:12]} 7. Bd3 {[%emt 0:00:21]} Be7 {[%emt 0:00:15]} 8. Nf3 {[%emt 0:01:57]} O-O {[%emt 0:00:10]} 9. Qc2 {[%emt 0:02:40]} h6 {[%emt 0:00:38]} 10. Bh4 {[%emt 0:01:13]} Re8 {[%emt 0:02:08]} 11. O-O {[%emt 0:03:14]} Ne4 {[%emt 0:03:09]} 12. Bg3 {[%emt 0:03:01]} Nxg3 {[%emt 0:01:03]} 13. hxg3 {[%emt 0:00:09]} Nf6 {[%emt 0:09:40]} 14. Rab1 {[%emt 0:01:55]} a5 {[%emt 0:05:14]} 15. a3 {[%emt 0:00:15]} Bd6 {[%emt 0:06:28]} 16. Na4 {[%emt 0:03:23]} Ne4 {[%emt 0:02:21]} 17. b4 {[%emt 0:09:52]} Qe7 {[%emt 0:10:11]} *

[Event "11th LCC FIDE Open 2019"]
[Site "London"]
[Date "2019.12.02"]
[Round "5.54"]
[White "Vaddadi, Seshagiri"]
[Black "Gopakumar, Siddharth"]
[Result "0-1"]
[WhiteElo "2042"]
[BlackElo "1848"]
[Annotator "NA RC"]
[PlyCount "98"]
[EventDate "2019.11.29"]
[EventType "swiss"]
[EventCountry "ENG"]
[SourceTitle "playchess.com"]
[Source "ChessBase"]
[SourceQuality "1"]
[TimeControl "40/5400+30:1800+30"]

1. e4 {[%emt 0:18:44]} c5 {[%emt 0:00:00]} 2. Nf3 {[%emt 0:00:23]} a6 {[%emt 0:00:00]} 3. d4 {[%emt 0:00:25]} cxd4 {[%emt 0:00:00]} 4. Nxd4 {[%emt 0:00:06]} Nf6 {[%emt 0:00:00]} 5. Nc3 {[%emt 0:00:14]} e5 {[%emt 0:00:00]} 6. Nf3 {[%emt 0:00:10]} Bb4 {[%emt 0:00:08]} 7. Bg5 {[%emt 0:04:32]} Bxc3+ {[%emt 0:01:14]} 8. bxc3 {[%emt 0:01:59]} d6 {[%emt 0:00:06]} 9. Qd3 {[%emt 0:02:31]} Qc7 {[%emt 0:08:36]} 10. Rd1 {[%emt 0:02:49]} Nbd7 {[%emt 0:03:12]} 11. Bxf6 {[%emt 0:23:00]} Nxf6 {[%emt 0:00:35]} 12. Qxd6 {[%emt 0:04:21]} Qxd6 {[%emt 0:04:33]} 13. Rxd6 {[%emt 0:00:31]} Nxe4 {[%emt 0:00:17]} 14. Rd5 {[%emt 0:03:25]} f6 {[%emt 0:03:25]} 15. Nxe5 {[%emt 0:01:08]} Be6 {[%emt 0:00:06]} 16. Rd4 {[%emt 0:00:26]} Nxc3 {[%emt 0:01:17]} 17. Nc4 {[%emt 0:02:21]} O-O {[%emt 0:01:19]} 18. Bd3 {[%emt 0:02:32]} b5 {[%emt 0:03:57]} 19. Ne3 {[%emt 0:03:25]} Rfd8 {[%emt 0:16:27]} 20. Rxd8+ {[%emt 0:04:41]} Rxd8 {[%emt 0:00:36]} 21. a3 {[%emt 0:00:19]} Rd4 {[%emt 0:00:52]} 22. Kd2 {[%emt 0:02:12]} Ne4+ {[%emt 0:00:47]} 23. Ke2 {[%emt 0:00:27]} Nc5 {[%emt 0:00:38]} 24. Bf5 {[%emt 0:07:08]} Bxf5 {[%emt 0:04:42]} 25. Nxf5 {[%emt 0:00:04]} Ra4 {[%emt 0:00:08]} 26. Rd1 {[%emt 0:00:46]} Rxa3 {[%emt 0:02:24]} 27. Rd5 {[%emt 0:00:21]} Ne6 {[%emt 0:09:14]} 28. Rd7 {[%emt 0:01:33]} Kf8 {[%emt 0:04:21]} 29. g3 {[%emt 0:01:36]} Rc3 {[%emt 0:01:40]} 30. Kd2 {[%emt 0:01:59]} Rc7 {[%emt 0:03:22]} 31. Rd6 {[%emt 0:00:35]} Nc5 {[%emt 0:00:42]} 32. Ke3 {[%emt 0:02:48]} a5 {[%emt 0:08:11]} 33. Kd4 {[%emt 0:03:00]} Nb7 {[%emt 0:09:32]} 34. Rb6 {[%emt 0:00:54]} Rd7+ {[%emt 0:01:36]} 35. Kc3 {[%emt 0:00:57]} b4+ {[%emt 0:01:22]} 36. Kc4 {[%emt 0:01:12]} Rc7+ {[%emt 0:01:03]} 37. Kb3 {[%emt 0:01:07]} Nc5+ {[%emt 0:05:13]} 38. Ka2 {[%emt 0:00:10]} Nd7 {[%emt 0:00:31]} 39. Nd4 {[%emt 0:02:59]} Rxc2+ {[%emt 0:01:29]} 40. Nxc2 {[%emt 0:00:52]} Nxb6 {[%emt 0:00:06]} 41. Kb3 {[%emt 0:30:09]} Ke7 {[%emt 0:31:03]} 42. Nd4 {[%emt 0:00:10]} Kd7 {[%emt 0:00:42]} 43. Nf5 {[%emt 0:00:00]} g6 {[%emt 0:00:00]} 44. Nd4 {[%emt 0:00:00]} Kd6 {[%emt 0:00:00]} 45. Ne2 {[%emt 0:00:00]} Kc5 {[%emt 0:00:00]} 46. Nf4 {[%emt 0:00:00]} a4+ {[%emt 0:00:00]} 47. Kb2 {[%emt 0:00:00]} Kc4 {[%emt 0:00:00]} 48. h4 {[%emt 0:00:00]} a3+ {[%emt 0:00:00]} 49. Ka2 {[%emt 0:00:00]} Nd5 {[%emt 0:00:00]} 0-1

[Event "11th LCC FIDE Open 2019"]
[Site "London"]
[Date "2019.12.02"]
[Round "5.55"]
[White "Mugalu, Hassan"]
[Black "Chakanyuka, Charles"]
[Result "1-0"]
[WhiteElo "1836"]
[BlackElo "2036"]
[Annotator "NA RC"]
[PlyCount "129"]
[EventDate "2019.11.29"]
[EventType "swiss"]
[EventCountry "ENG"]
[SourceTitle "playchess.com"]
[Source "ChessBase"]
[SourceQuality "1"]
[TimeControl "40/5400+30:1800+30"]

1. d4 {[%emt 0:00:00]} d6 {[%emt 0:04:45]} 2. Bf4 {[%emt 0:02:05]} g6 {[%emt 0:00:15]} 3. e3 {[%emt 0:01:17]} Bg7 {[%emt 0:00:13]} 4. Nf3 {[%emt 0:01:09]} c5 {[%emt 0:00:35]} 5. c3 {[%emt 0:00:50]} cxd4 {[%emt 0:00:11]} 6. cxd4 {[%emt 0:00:32]} Nf6 {[%emt 0:00:13]} 7. Nc3 {[%emt 0:01:05]} O-O {[%emt 0:00:08]} 8. Be2 {[%emt 0:01:32]} Nc6 {[%emt 0:02:39] A46: 1 d4 Nf6 2 Nf3 e6: Torre, London and Colle Systems} 9. h3 {[%emt 0:00:58]} (9. O-O Bf5 10. h3 Rc8 11. Rc1 Qb6 12. Na4 Qa5 13. Nc3 Nb4 14. Qd2 Nbd5 15. Nxd5 Qxd5 16. b3 {½-½ (68) Grachev,B (2654)-Artemiev,V (2692) Sochi 2017}) 9... a6 {[%emt 0:02:00]} 10. Rc1 $146 {[%emt 0:02:27]} ({Predecessor:} 10. O-O b5 11. Rc1 Bb7 12. Bg5 Rc8 13. a3 Na5 14. Nd2 h6 15. Bh4 g5 16. Bg3 {1-0 (52) Martinez Arroyo,L (1871)-Valdeblanquez,J (2014) San Andres Isla 2015}) 10... Qb6 {[%emt 0:03:06]} 11. Qd2 {[%emt 0:03:27]} Nb4 {[%emt 0:10:44]} 12. Bc4 {[%emt 0:07:18]} d5 {[%emt 0:04:43]} 13. Bb3 {[%emt 0:06:37]} Bf5 {[%emt 0:01:40]} 14. O-O {[%emt 0:00:51]} Nd3 {[%emt 0:01:38]} 15. Na4 {[%emt 0:05:09]} Qb5 {[%emt 0:05:05]} 16. Rc7 {[%emt 0:04:10]} Nxf4 {[%emt 0:03:26]} 17. exf4 {[%emt 0:00:10]} Rac8 {[%emt 0:03:24]} 18. Nc3 {[%emt 0:06:38]} Qb4 {[%emt 0:09:39]} 19. Rxc8 {[%emt 0:07:31]} Rxc8 {[%emt 0:03:49]} 20. Nxd5 {[%emt 0:03:53]} Nxd5 {[%emt 0:04:06]} 21. Bxd5 {[%emt 0:00:35]} Qxd2 {[%emt 0:09:05]} 22. Nxd2 {[%emt 0:00:10]} Rc2 {[%emt 0:00:18]} 23. Nf3 {[%emt 0:02:38]} Rxb2 {[%emt 0:01:33]} 24. Bb3 {[%emt 0:00:44]} Bc2 {[%emt 0:09:09]} 25. Bxc2 {[%emt 0:10:05]} Rxc2 {[%emt 0:00:12]} 26. a4 {[%emt 0:00:36]} Kf8 {[%emt 0:03:56]} 27. Rb1 {[%emt 0:00:21]} Rc7 {[%emt 0:00:34]} 28. Rb6 {[%emt 0:01:03]} Ke8 {[%emt 0:00:44]} 29. Kf1 {[%emt 0:00:24]} e6 {[%emt 0:05:39]} 30. Ne5 {[%emt 0:01:00]} Bxe5 {[%emt 0:00:31]} 31. dxe5 {[%emt 0:01:12]} Kd8 {[%emt 0:00:20]} 32. Rb4 {[%emt 0:01:21]} Kc8 {[%emt 0:00:32]} 33. a5 {[%emt 0:01:07]} Rc2 {[%emt 0:01:43]} 34. Ra4 {[%emt 0:00:32]} Kc7 {[%emt 0:00:22]} 35. g3 {[%emt 0:00:16]} h5 {[%emt 0:00:58]} 36. Kg2 {[%emt 0:02:49]} Kc6 {[%emt 0:01:16]} 37. Ra3 {[%emt 0:00:17]} Rc4 {[%emt 0:00:47]} 38. Kf3 {[%emt 0:00:11]} b5 {[%emt 0:02:11]} 39. axb6 {[%emt 0:00:35]} Kxb6 {[%emt 0:00:03]} 40. g4 {[%emt 0:00:26]} a5 {[%emt 0:00:29]} 41. Kg3 {[%emt 0:30:05]} a4 {[%emt 0:32:19]} 42. Rd3 {[%emt 0:00:53]} h4+ {[%emt 0:00:59]} 43. Kxh4 {[%emt 0:00:41]} Rxf4 {[%emt 0:00:59]} 44. Kg3 {[%emt 0:00:07]} Rc4 {[%emt 0:00:36]} 45. h4 {[%emt 0:01:07]} Rc1 {[%emt 0:00:00]} 46. Kf4 {[%emt 0:00:00]} Kb5 {[%emt 0:00:00]} 47. Kg5 {[%emt 0:00:00]} Rg1 {[%emt 0:00:00]} 48. Rd7 {[%emt 0:00:00]} a3 {[%emt 0:00:00]} 49. Rxf7 {[%emt 0:00:00]} Kb6 {[%emt 0:00:00]} 50. Rf3 {[%emt 0:00:00]} a2 {[%emt 0:00:00]} 51. Ra3 {[%emt 0:00:00]} a1=Q {[%emt 0:00:14]} 52. Rxa1 {[%emt 0:00:30]} Rxa1 {[%emt 0:00:00]} 53. Kxg6 {[%emt 0:00:00]} Ra4 {[%emt 0:00:08]} 54. f3 {[%emt 0:00:00]} Kc6 {[%emt 0:02:58]} 55. h5 {[%emt 0:00:00]} Kd5 {[%emt 0:00:13]} 56. h6 {[%emt 0:00:00]} Kxe5 {[%emt 0:00:13]} 57. g5 {[%emt 0:00:00]} Ra7 {[%emt 0:05:44]} 58. h7 {[%emt 0:00:00]} Ra8 {[%emt 0:00:02]} 59. Kh6 $11 {[%emt 0:00:00]} Kf5 {[%emt 0:00:40]} 60. f4 {[%emt 0:00:00]} e5 {[%emt 0:01:30]} 61. g6 {[%emt 0:00:00]} Ra1 {[%emt 0:00:43]} 62. fxe5 {[%emt 0:00:00]} Rh1+ {[%emt 0:00:29]} 63. Kg7 {[%emt 0:00:00]} Rg1 {[%emt 0:00:17]} 64. h8=Q {[%emt 0:00:00]} Rxg6+ {[%emt 0:00:43]} 65. Kf7 {[%emt 0:00:00]} 1-0

[Event "11th LCC FIDE Open 2019"]
[Site "London"]
[Date "2019.12.02"]
[Round "5.56"]
[White "Mugalu, Hassan"]
[Black "Chakanyuka, Charles"]
[Result "*"]
[WhiteElo "1836"]
[BlackElo "2036"]
[Annotator "NA"]
[PlyCount "30"]
[EventDate "2019.11.29"]
[EventType "swiss"]
[EventCountry "ENG"]
[SourceTitle "playchess.com"]
[Source "ChessBase"]
[SourceQuality "1"]
[TimeControl "40/5400+30:1800+30"]

1. d4 {[%emt 0:00:00]} d6 {[%emt 0:04:45]} 2. Bf4 {[%emt 0:02:05]} g6 {[%emt 0:00:14]} 3. e3 {[%emt 0:01:17]} Bg7 {[%emt 0:00:13]} 4. Nf3 {[%emt 0:01:09]} c5 {[%emt 0:00:35]} 5. c3 {[%emt 0:00:50]} cxd4 {[%emt 0:00:11]} 6. cxd4 {[%emt 0:00:32]} Nf6 {[%emt 0:00:13]} 7. Nc3 {[%emt 0:01:05]} O-O {[%emt 0:00:07]} 8. Be2 {[%emt 0:01:32]} Nc6 {[%emt 0:02:39]} 9. h3 {[%emt 0:00:58]} a6 {[%emt 0:02:00]} 10. Rc1 {[%emt 0:02:27]} Qb6 {[%emt 0:03:06]} 11. Qd2 {[%emt 0:03:27]} Nb4 {[%emt 0:10:44]} 12. Bc4 {[%emt 0:07:18]} d5 {[%emt 0:04:43]} 13. Bb3 {[%emt 0:06:37]} Bf5 {[%emt 0:01:40]} 14. O-O {[%emt 0:00:51]} Nd3 {[%emt 0:01:38]} 15. Na4 {[%emt 0:05:09]} Qb5 {[%emt 0:05:05]} *

[Event "11th LCC FIDE Open 2019"]
[Site "London"]
[Date "2019.12.03"]
[Round "6.1"]
[White "Gordon, Stephen J"]
[Black "Aravindh, Chithambaram Vr"]
[Result "0-1"]
[WhiteElo "2505"]
[BlackElo "2605"]
[Annotator "TA"]
[PlyCount "70"]
[EventDate "2019.11.29"]
[EventType "swiss"]
[EventCountry "ENG"]
[SourceTitle "playchess.com"]
[Source "ChessBase"]
[SourceQuality "1"]

{[%evp 11,70,14,20,17,13,8,14,33,18,5,14,8,10,18,20,10,5,13,25,8,10,9,6,4,13,0,5,-22,-29,-127,-120,-116,-125,-126,-125,-121,-128,-122,-118,-110,-119,-483,-483,-366,-12,-370,-362,-949,-597,-579,-189,-511,-514,-12837,-12838,-12838,-12838,-12839,-433,-12839,-12839]} 1. Nf3 Nf6 2. c4 g6 3. Nc3 d5 4. cxd5 Nxd5 5. Qb3 Nb6 6. d4 Bg7 7. Bf4 {D90: Grünfeld: 4 Nf3 Bg7 sidelines} Be6 8. Qa3 c5 9. Qxc5 {The position is equal.} Nc6 10. e4 Rc8 {[%cal Rc6d4,Ba8c8,Bc8c4,Bc4d4][%mdl 32]} 11. Qa3 {Threatens to win with d5.} Nxd4 {( -> ...Nc2+!)} 12. O-O-O O-O 13. Be3 $146 {[%cal Rf3d4]} ({Predecessor:} 13. e5 Nc4 14. Qxa7 Nb5 15. Rxd8 Nxa7 16. Rxc8 Rxc8 {1-0 (49) Wang,H (2711)-Mikhalevski,V (2538) Caleta 2018}) 13... Nc4 $132 {[%mdl 2048] Black puts up resistance} 14. Bxc4 $1 Rxc4 15. Nxd4 Bxd4 16. Bxd4 Rxd4 17. Qxa7 b6 18. f3 Bc4 19. b3 Bd3 20. Rd2 (20. Rhe1 $11) 20... Qd6 $1 $17 {aiming for ...Rc8!} 21. Kb2 {[#]} Bxe4 $1 {[%mdl 64] Discovered Attack} 22. Rxd4 Qxd4 23. fxe4 {[#]} Qd2+ $1 {[%mdl 64] Double Attack} ({Don't go for} 23... Rc8 $2 24. Rc1 $18) 24. Kb1 Qxc3 {[%mdl 4096] Endgame KQR-KQR} 25. Qd7 Qe3 26. Qxe7 $2 {[%mdl 8192]} (26. Rc1 $17 {is more resistant.}) 26... Qd3+ $19 27. Ka1 Qc3+ 28. Kb1 Rc8 {White must now prevent ...Qc2+.} 29. Qb7 $2 (29. Qa3 Qc2+ 30. Ka1) 29... Qd3+ 30. Ka1 Qd4+ 31. Kb1 Rc5 {Hoping for ...Qd3+.Black is clearly winning.} 32. h4 (32. Qa8+ $142 Kg7 33. Qa4 Qd3+ 34. Ka1) 32... Qd3+ 33. Ka1 Qc3+ 34. Kb1 Qc2+ 35. Ka1 {[#]} Ra5 $1 {[%mdl 512] Accuracy: White = 56%, Black = 100%.} 0-1

[Event "11th LCC FIDE Open 2019"]
[Site "London"]
[Date "2019.12.03"]
[Round "6.2"]
[White "Petrov, Martin"]
[Black "Praggnanandhaa, R."]
[Result "0-1"]
[WhiteElo "2497"]
[BlackElo "2586"]
[Annotator "TA RC"]
[PlyCount "92"]
[EventDate "2019.11.29"]
[EventType "swiss"]
[EventCountry "ENG"]
[SourceTitle "playchess.com"]
[Source "ChessBase"]
[SourceQuality "1"]

{[%evp 12,100,15,8,26,17,24,14,12,8,9,9,2,0,11,0,0,0,0,0,0,0,22,22,28,15,26,23,30,0,0,0,0,0,0,0,8,-10,0,0,0,0,0,-20,-28,-26,-14,-27,-27,-22,-15,-30,0,-3,0,-9,0,-20,-10,-56,-44,-105,-115,-105,-96,-103,-97,-111,-104,-120,-120,-147,-118,-124,-119,-208,-205,-202,-203,-199,-196,-205,-203,-288,-288,-275,-280,-278,-269,-268,-277]} 1. e4 e5 2. Nf3 Nc6 3. Bc4 Nf6 4. d3 Bc5 5. O-O O-O 6. c3 d6 7. Nbd2 h6 {C54: Giuoco Piano: 4 c3 Nf6, main lines with 5 d4 and 5 d3} 8. Re1 a6 9. a4 a5 {The position is equal.} 10. h3 Be6 11. Bb5 Na7 12. Bc4 Nc6 13. Bb5 Ne7 14. d4 exd4 15. Nxd4 Bd7 {[#]} 16. Bxd7 $146 ({Predecessor:} 16. Nf1 Ng6 17. Ng3 Re8 {1-0 (44) Vachier Lagrave,M (2804)-Grischuk,A (2783) Tbilisi 2017}) 16... Nxd7 17. Nf1 Ng6 18. Ng3 Re8 19. Ndf5 Nf6 20. Qc2 d5 21. Be3 Bxe3 22. Rxe3 dxe4 23. Nxe4 {[#] Rd1 is the strong threat.} Nd5 24. Ree1 Re5 25. Neg3 {And now Rxe5 would win.} Qf6 26. Rxe5 Qxe5 27. Qe4 Qxe4 28. Nxe4 Re8 29. Neg3 Ngf4 30. Rd1 Nb6 31. b3 Nfd5 32. c4 Nf6 33. Ne3 g6 34. c5 Nbd7 35. Ng4 (35. c6 $5 bxc6 36. Nc4 $11) 35... Kg7 36. Nxf6 (36. c6 $1 $15 bxc6 37. Nxf6 Nxf6 38. Rc1) 36... Nxf6 $15 {[%mdl 4096] Endgame KRN-KRN} 37. Kf1 Re5 38. Rc1 c6 39. Rc4 Nd7 40. Ne4 f5 41. Rd4 Re7 ({But not} 41... Nxc5 $6 42. Nxc5 Rxc5 43. Rd7+ Kf6 44. Rxb7 $11) 42. Nd2 Nxc5 43. b4 (43. h4 $17) 43... axb4 $19 ({Don't take} 43... Nxa4 44. bxa5 Nc5 45. Nc4 $17) 44. Rxb4 Rd7 45. Ke2 Nd3 46. Rc4 {[#]} g5 {Played: Nd3xf2} 0-1